| 000 | 01674nam1a22003371i 4500 | ||
|---|---|---|---|
| 001 | v19\rc\2100910 | ||
| 005 | 20241103065123.0 | ||
| 035 | _a(NLR Aleph) 005184330 | ||
| 090 |
_a5153646 _c5153646 |
||
| 100 | _a20090914g18041807m||y0rusy50 ca | ||
| 101 | 1 |
_arus _cger |
|
| 102 | _aRU | ||
| 140 | _ay y cayaa0000 | ||
| 200 | 1 |
_aРусалка _eопера комическая в трех действиях |
|
| 210 |
_aВ Санктпетербурге _cв Театральной типографии _d1804-1807 |
||
| 215 | _d12° | ||
| 300 | _aЦенз.: С дозволения санктпетербургского гражданского губернатора (тит. л. ч.1), СПб. ценз. ком. (ч.2-3), СПб. ценз. ком. (тит. л. ч.4) | ||
| 300 | _aНа с.[5-6] ч.1 посвящ. пер. А.Л.Нарышкину с подписью: Николай Краснопольский | ||
| 300 | _aЗагл. ориг.: Das Donauweibchen | ||
| 620 | _aСанкт-Петербург | ||
| 700 | 1 |
_aХенслер _bК.Ф. _f1761-1825 _gКарл Фридрих |
|
| 702 | 1 |
_aКраснопольский _bН.С. _f1775-1830 _gНиколай Степанович _4730 |
|
| 702 | 1 |
_4280 _7ca _8rus _aНарышкин _bА. Л. _f1760-1826 _gАлександр Львович _9171735 _3RU\NLR\AUTH\770171785 |
|
| 712 | 0 | 0 |
_4610 _aПлавильщиков, _cПетербург _gВ. А., _hтипография _9517304 _3RU\NLR\AUTH\880426395 |
| 801 | 0 |
_aRU _bNLR _gpsbo |
|
| 801 | 1 |
_aRU _bProSoft-M _2rusmarc |
|
| 852 |
_aNLR _j18.131.7.19-1-4 |
||
| 852 |
_aNLR _j19.113а.5.541-1 |
||
| 852 |
_aNLR _j137/1313-1-4 |
||
| 942 | _cBOOK | ||